A proposito de Teatro

Saved in:
Bibliographic Details
Format: Book
Published: Lisboa Edicao Do Autor 1949
Tags: Add Tag
No Tags, Be the first to tag this record!

MARC

LEADER 00000nam a2200000 a 4500
082 |a 946.9 
245 |a A proposito de Teatro 
260 |a Lisboa  |b Edicao Do Autor  |c 1949 
300 |a 425p. 19cm. 
942 |c AFW 
999 |c 161409  |d 161409